| 000 | 00528nam a22001817a 4500 | ||
|---|---|---|---|
| 003 | CEME | ||
| 005 | 20210628201719.0 | ||
| 008 | 210201b xxu||||| |||| 00| 0 eng d | ||
| 020 | _a1-84222-059-4 | ||
| 040 | _c. | ||
| 082 | _a645 MAC | ||
| 100 |
_aMack, Lorrie _956480 |
||
| 245 | _aSetting up home : the essential guide to creating a home from scratch | ||
| 260 |
_aLONDON _bQUADRILLE _c2000 |
||
| 300 | _a225P | ||
| 650 |
_aSETTING UP HOME : THE ESSENTIAL GUIDE TO CREATING A HOME FROM SCRATCH _956481 |
||
| 942 |
_cBK _2ddc |
||
| 999 |
_c566879 _d566879 |
||